Geography Quiz

Random Geography or City Quiz
Score 0/12 Timer 02:00
1 Play Today
Question Answer Wrong Answers
Lima North
84.7%
South
12.5%
Pretoria South
82.4%
North
14.6%
Brisbane South
79.9%
North
16.9%
Jakarta North
69.8%
South
27.1%
Port Moresby North
58.9%
South
38.3%
São Paulo South
58.7%
North
38.6%
Asunción South
54.2%
North
42.9%
Maputo South
53.4%
North
43.6%
Harare North
49.3%
South
47.6%
Antananarivo North
47.2%
South
49.6%
Gaborone South
46.1%
North
50.6%
Windhoek North
41.7%
South
54.9%
Remove Ads.
Support Sporcle.
Get the best of Sporcle when you Go Orange. This ad-free experience offers more features, more stats, and more fun while also helping to support Sporcle. Thank you for becoming a member.

You're not logged in!

Compare scores with friends on all Sporcle quizzes.
OR
Log In

Show Comments

Extras

Top Quizzes Today


Score Distribution

Your Account Isn't Verified!

In order to create a playlist on Sporcle, you need to verify the email address you used during registration. Go to your Sporcle Settings to finish the process.

Report this User

Report this user for behavior that violates our Community Guidelines.

Details: